On maximum likehood estimation of stochastic frontier productions models (Registro nro. 26357)

Detalles MARC
000 -LEADER
fixed length control field 00358 a2200109 4500
001 - CONTROL NUMBER
control field ART_12428
005 - DATE AND TIME OF LATEST TRANSACTION
control field 20260410161906.0
008 - FIXED-LENGTH DATA ELEMENTS--GENERAL INFORMATION
fixed length control field 260409a
100 1# - MAIN ENTRY--PERSONAL NAME
Personal name Lee, Lung-Fei
245 10 - TITLE STATEMENT
Title On maximum likehood estimation of stochastic frontier productions models
773 0# - HOST ITEM ENTRY
Title Journal of econometrics
Related parts - Vol. 23, Nº 2 (oct. 1983)
Record control number REV11720

No hay ítems disponibles.